Time without bells /

Bibliographic Details
Main Author: Bienek, Horst, 1930-1990
Format: Book
Language:English
Published: New York : Atheneum, 1988.

MARC

Tag First Indicator Second Indicator Subfields
LEADER 00000cam a2200000 a 4500
001 in00000026989
005 20151007055839.0
008 870630s1988 nyu 00011 eng
010 |a  87017124  
020 |a 0689119305 
035 |a (OCoLC)16228180 
035 |9 AAB9423AM 
040 |a DLC  |c DLC  |d TXA  |d UtOrBLW 
041 1 |a eng  |h ger 
049 |a TXAM  |c [A11088440] 
050 0 0 |a PT2662.I39  |b Z2413 1988 
082 0 |a 833/.914  |2 19 
100 1 |a Bienek, Horst,  |d 1930-1990. 
240 1 0 |a Zeit ohne Glocken.  |l English 
245 1 0 |a Time without bells /  |c Horst Bienek ; translated by Ralph R. Read. 
264 1 |a New York :  |b Atheneum,  |c 1988. 
300 |a 338 pages ;  |c 22 cm. 
336 |a text  |b txt  |2 rdacontent 
337 |a unmediated  |b n  |2 rdamedia 
338 |a volume  |b nc  |2 rdacarrier 
500 |a Translation of: Zeit ohne Glocken. 
999 |a MARS 
999 f f |s f583ce3e-f7cd-3430-a9b9-eae1c0c99624  |i 90eed06b-9556-3d5b-99af-2ba10906caca  |t 0 
952 f f |p ric  |a Texas A&M University  |b Rellis Campus  |c Joint Library Facility  |d Remote Storage  |t 0  |e PT2662.I39 Z2413 1988  |h Library of Congress classification  |i unmediated -- volume  |m A14811088440 
998 f f |a PT2662.I39 Z2413 1988  |t 0  |l Remote Storage